000 00218 a2200097 4500
001 51870
100 _aSchiller S
245 _aElectronic Beam Technology
260 _aNew York
_bJohn Wiley
_c
090 _c32759
_d32759
942 _aNUST-CAE
_cM
_c25290
999 _c286943
_d286943